00679nam a2200241 a 4500001001300000003000900013005001700022008004100039020001000080082001500090100001800105245004900123260002900172300000900201500003500210505001000245650001900255700001800274902000800292942000700300952011500307999001500422nice12345678IN_TiNIC20260116011631.0050524s1944 lona grp 000 0 eng  ac10000a274.2bPAY aPayne, Ernest aFree Church Tradition in the Life of England aLondonbScm Press c1944 a158p aincludes index and biblioraphy2 aIndex aChurch-England1 aPayne, Ernest bSRS cBK 001040708StackRoom-aHMIbHMId2007-07-18g100.00l0o274.2 PAYp08101r2007-07-18v100.00w2005-05-24yBK c3017d3017